Normal view
MARC view
Entry Personal Name
001 - CONTROL NUMBER
- control field: 56276
003 - CONTROL NUMBER IDENTIFIER
- control field: OSt
005 - DATE AND TIME OF LATEST TRANSACTION
- control field: 20160512122118.0
008 - FIXED-LENGTH DATA ELEMENTS
- fixed length control field: 160512|| aca||aabn | a|a d
040 ## - CATALOGING SOURCE
- Original cataloging agency: OSt
- Transcribing agency: OSt
100 ## - HEADING--PERSONAL NAME
- Personal name: दे, विष्णु
670 ## - SOURCE DATA FOUND
- Source citation: Work cat.: (OSt)11156: दे, विष्णु, स्मृति सत्ता भविष्यत , 2008









